MARC details
| 000 -CABECERA |
| campo de control de longitud fija |
01061nam a2200265 i 4500 |
| 003 - IDENTIFICADOR DEL NÚMERO DE CONTROL |
| campo de control |
DO-SdBNP |
| 005 - FECHA Y HORA DE LA ÚLTIMA TRANSACCIÓN |
| campo de control |
20231019142010.0 |
| 006 - CÓDIGOS DE INFORMACIÓN DE LONGITUD FIJA--CARACTERÍSTICAS DEL MATERIAL ADICIONAL |
| campo de control de longitud fija |
a||||br|||| 00| 0 |
| 007 - CAMPO FIJO DE DESCRIPCIÓN FÍSICA--INFORMACIÓN GENERAL |
| campo de control de longitud fija |
ta |
| 008 - DATOS DE LONGITUD FIJA--INFORMACIÓN GENERAL |
| campo de control de longitud fija |
231011n200? dr a|||| |||| 00| 0 spa d |
| 040 ## - FUENTE DE LA CATALOGACIÓN |
| Centro catalogador/agencia de origen |
DO-SdBNP |
| Lengua de catalogación |
spa |
| Centro/agencia transcriptor |
BNPHU |
| Normas de descripción |
rda |
| 082 #4 - NÚMERO DE LA CLASIFICACIÓN DECIMAL DEWEY |
| Número de edición |
22 |
| Número de documento/Ítem |
H117c |
| 245 10 - MENCIÓN DE TÍTULO |
| Título |
¡Cuenta conmigo! : |
| Resto del título |
español 8. guía didáctica. / |
| Mención de responsabilidad, etc. |
Ana M. Haché de Yunén, LiLiana Montenegro; ilustraciones, Marta de Olloqui |
| 246 #4 - FORMA VARIANTE DE TÍTULO |
| Título propio/Titulo breve |
Guía didáctica: |
| Resto del título |
¡cuenta conmigo, español 8 |
| 264 ## - PRODUCCIÓN, PUBLICACIÓN, DISTRIBUCIÓN, FABRICACIÓN Y COPYRIGHT |
| Producción, publicación, distribución, fabricación y copyright |
Santo Domingo : |
| Nombre del de productor, editor, distribuidor, fabricante |
PUCM - EDUCA / PIPE, |
| Fecha de producción, publicación, distribución, fabricación o copyright |
[sin fecha] |
| 300 ## - DESCRIPCIÓN FÍSICA |
| Extensión |
144 páginas : |
| Otras características físicas |
Ilustraciones ; |
| Dimensiones |
21 cm. |
| 336 ## - TIPO DE CONTENIDO |
| Fuente |
rdaconten |
| Término de tipo de contenido |
texto |
| Código de tipo de contenido |
txt |
| 337 ## - TIPO DE MEDIO |
| Fuente |
rdamedia |
| Nombre/término del tipo de medio |
sin mediación |
| Código del tipo de medio |
n |
| 338 ## - TIPO DE SOPORTE |
| Fuente |
rdacarrier |
| Nombre/término del tipo de soporte |
volumen |
| Código del tipo de soporte |
nc |
| 505 ## - NOTA DE CONTENIDO CON FORMATO |
| Nota de contenido con formato |
Unidad I: El Amor.-- |
| Título |
Unidad II: Por aquel entonces.-- |
| -- |
Unidad III: Los Deportes.-- |
| -- |
Unidad IV: La Ecología.-- |
| -- |
Unidad V: Matices Humanos. |
| 590 ## - NOTA LOCAL (RLIN) |
| Nota local |
Inventariado 2023 / MF |
| 700 1# - PUNTO DE ACCESO ADICIONAL--NOMBRE DE PERSONA |
| Nombre de persona |
Montenegro, Liliana, |
| Término indicativo de función/relación |
autora |
| 9 (RLIN) |
73770 |
| 700 1# - PUNTO DE ACCESO ADICIONAL--NOMBRE DE PERSONA |
| Nombre de persona |
Olloqui, Marta de, |
| Término indicativo de función/relación |
ilustraciones |
| 9 (RLIN) |
83687 |
| 942 ## - ELEMENTOS DE PUNTO DE ACCESO ADICIONAL (KOHA) |
| Fuente del sistema de clasificación o colocación |
Dewey Decimal Classification |
| Tipo de ítem Koha |
Libro |